00539 2200205 4500001002100000005001500021008004100036020001800077035002500095041000800120082001100128090001100139100002000150245004500170250001600215260003500231300003700266650001300303700001700316INLIS00000000001112920130515225335 ind  a979-448-258-7 a0010-051300000011129 aind a617.96 a617.96 aThomas, Boulton aAnestesioloi/ penerjemah, Jonatan, Oswan aCetakan : 1 aJakartabBuku Kedokteranc1994 aviii, 285 hlm. : ilus. ;19.5 cm. aAnestesi aColin, Blogg